Little People, BIG DREAMS : YOKO ONO

Bibliographic Details
Main Author: Vegara, Maria Isabel Sanchez (Author)
Other Authors: Abe, Momoko (Illustrator)
Format: Book
Published: London : Frances Lincoln Children's Books [2021]
Subjects:

MARC

LEADER 00000cam a2200000 7i4500
001 0000296830
005 20240403130233.0
006 ### ###
007 t
020 |a 9780711259287 
040 |a MBPJ   |b eng   |c MBPJ   |e rda 
090 0 0 |a JF   |b VEG 
100 1 |a Vegara, Maria Isabel Sanchez ,   |e author 
245 1 0 |a Little People, BIG DREAMS :   |b YOKO ONO   |c Written by Maria Isabel Sanchez Vegara ; Illustrated by Momoko Abe 
264 1 |a London :   |b Frances Lincoln Children's Books   |c [2021] 
264 4 |c ©2021 
300 |a 1volume (various pagings) :   |b color illustrations ;   |c 25 cm. 
336 |a still image  |2 rdacontent 
336 |a text  |2 rdacontent 
337 |a unmediated  |2 rdamedia 
338 |a volume  |2 rdacarrier 
650 0 |a Children's stories 
700 1 |a Abe, Momoko ,   |e illustrator 
999 |a 00389444   |b BUKU   |c PINJAMAN   |e PERPUSTAKAAN KOMUNITI PETALING JAYA